Asian Geography By Letter A - Picture Quiz - Statistics

General Stats
  • This quiz has been taken 1,057 times
  • The average score is 10 of 18
Answer Stats
Picture Hint Answer % Correct
(country) Armenia
91%
(country) Afghanistan
88%
(structure) Angkor Wat
82%
(ethnicity) Arabs
81%
(city) Agra
78%
(body of water) Arctic Ocean
75%
(peninsula) Asia Minor
67%
(lake) {Aral} Sea
66%
Gulf of {Aden}
63%
(city - island) Abu Dhabi
54%
(mountain) Ararat
48%
{Andaman} Islands
46%
(ancient kingdom) Assyria
36%
(disputed territory) Abkhazia
33%
(the salt march) Ahmedabad
29%
(city) Astana
24%
(oblast) Amur
15%
{Adam's} Bridge
8%
No matching quizzes found
Score Distribution
Percent of People with Each Score
Percentile by Number Answered
Your Score History
You have not taken this quiz